2.Bundesliga Vereine Saison 25/26 - Statistiken

Allgemein
  • Dieses Quiz wurde 88 mal gespielt
  • Das Durchschnittsergebnis liegt bei 16 aus 18
Antwortstatistiken
Antwort % Korrekt
FC Schalke 04
99%
Karlsruher SC
99%
FC Nürnberg
93%
Hertha BSC
91%
SV 07 Elversberg
91%
1.FC Kaiserslautern
89%
Dynamo Dresden
89%
Hannover 96
89%
SpVgg Greuther Fürth
89%
Preußen Münster
88%
Holstein Kiel
86%
SC Paderborn 07
86%
Eintracht Braunschweig
85%
Fortuna Düsseldorf
81%
Vfl Bochum
81%
FC Magdeburg
80%
SV Darmstadt 98
80%
Arminia Bielefeld
78%
Keine übereinstimmenden Quizze gefunden
Verteilung der Resultate
Anzahl Personen mit jedem Resultat
Perzentil nach korrekt beantworteten Fragen
Ihre Resultats-Entwicklung
Sie haben dieses Quiz noch nicht gespielt